Ampumahiihdon maailmancup - naisten top 3 - Statistics

Yleistilastot
  • Tätä visaa on pelattu 51 kertaa
  • Keskiarvotulos 40 / 75
Vastaustilastot
% Oikein
10-11 KaisaMäkäräinen
100%
13-14 KaisaMäkäräinen
100%
14-15 KaisaMäkäräinen
100%
16-17 KaisaMäkäräinen
100%
17-18 KaisaMäkäräinen
100%
15-16 DorotheaWierer
83%
18-19 DorotheaWierer
83%
19-20 DorotheaWierer
83%
22-23 DorotheaWierer
83%
21-22 ElviraÖberg
80%
20-21 FranziskaPreuß
78%
24-25 FranziskaPreuß
78%
23-24 Lou Jeanmonnot
78%
24-25 LouJeanmonnot
78%
18-19 LisaVittozzi
75%
22-23 LisaVittozzi
75%
23-24 LisaVittozzi
75%
23-24 Ingrid LandmarkTandrevold
73%
16-17 LauraDahlmeier
70%
16-17 GabrielaKoukalová
68%
15-16 GabrielaSoukalová
68%
22-23 JuliaSimon
68%
24-25 JuliaSimon
68%
19-20 TirilEckhoff
65%
20-21 TirilEckhoff
65%
17-18 AnastasijaKuzmina
63%
18-19 AnastasijaKuzmina
63%
21-22 Lisa TheresaHauser
63%
08-09 ToraBerger
63%
11-12 ToraBerger
63%
12-13 ToraBerger
63%
13-14 Tora Berger
63%
20-21 Marte OlsbuRøiseland
60%
21-22 Marte OlsbuRøiseland
60%
11-12 DarjaDomratševa
58%
12-13 DarjaDomratševa
58%
13-14 DarjaDomratševa
58%
14-15 Darja Domratševa
58%
17-18 Darja Domratševa
58%
07-08 MagdalenaNeuner
58%
09-10 MagdalenaNeuner
58%
11-12 MagdalenaNeuner
58%
19-20 DeniseHerrmann
48%
15-16 MarieDorin Habert
45%
06-07 AndreaHenkel
43%
07-08 AndreaHenkel
43%
10-11 AndreaHenkel
43%
12-13 AndreaHenkel
43%
10-11 HelenaEkholm
40%
08-09 HelenaJonsson
40%
09-10 HelenaJonsson
40%
00-01 Liv GretePoirée
40%
01-02 Liv Grete Poirée
40%
03-04 Liv Grete Poirée
40%
14-15 ValjaSemerenko
38%
00-01 MagdalenaForsberg
35%
01-02 MagdalenaForsberg
35%
05-06 Anna CarinOlofsson
33%
06-07 Anna CarinOlofsson
33%
04-05 KatiWilhelm
30%
05-06 KatiWilhelm
30%
06-07 KatiWilhelm
30%
08-09 KatiWilhelm
30%
03-04 SandrineBailly
28%
04-05 SandrineBailly
28%
07-08 SandrineBailly
28%
02-03 SylvieBecaert
20%
01-02 UschiDisl
20%
09-10 SimoneHauswald
18%
02-03 AlbinaAhatova
15%
00-01 OlenaZubrylova
15%
02-03 MartinaGlagow
13%
05-06 MartinaGlagow
13%
03-04 OlgaPyljova
13%
04-05 OlgaPyljova
13%
Ehtoja vastaavia visoja ei löytynyt
Tulosjakauma
Jokaisen tuloksen saaneiden osuus
Persentiili vastausten määrän mukaan
Tuloshistoriasi
Et ole pelannut tätä visaa